| 000 | 01138nam a2200301Ia 4500 | ||
|---|---|---|---|
| 001 | ebr10422378 | ||
| 003 | CaPaEBR | ||
| 006 | m u | ||
| 007 | cr cn||||||||| | ||
| 008 | 080910s2010 njua sb 001 0 eng d | ||
| 020 | _z9789812818218 | ||
| 020 | _z9812818219 | ||
| 040 |
_aCaPaEBR _cCaPaEBR |
||
| 035 | _a(OCoLC)698587460 | ||
| 050 | 1 | 4 |
_aTP156.P76 _bC44 2010eb |
| 082 | 0 | 4 |
_a667.5 _222 |
| 245 | 0 | 4 |
_aThe chemistry of inkjet inks _h[electronic resource] / _ceditor, Shlomo Magdassi. |
| 260 |
_aNew Jersey ; _aLondon : _bWorld Scientific, _cc2010. |
||
| 300 |
_aviii, 345 p. : _bill. |
||
| 504 | _aIncludes bibliographical references and index. | ||
| 533 |
_aElectronic reproduction. _bPalo Alto, Calif. : _cebrary, _d2011. _nAvailable via World Wide Web. _nAccess may be limited to ebrary affiliated libraries. |
||
| 650 | 0 | _aPrinting ink. | |
| 650 | 0 | _aInk-jet printing. | |
| 655 | 7 |
_aElectronic books. _2local |
|
| 700 | 1 |
_aMagdassi, Shlomo, _d1954- |
|
| 710 | 2 | _aebrary, Inc. | |
| 856 | 4 | 0 |
_uhttp://site.ebrary.com/lib/rucke/Doc?id=10422378 _zAn electronic book accessible through the World Wide Web; click to view |
| 999 |
_c142046 _d142046 |
||